mapki margonem - Statystyki

Ogólne statystyki
  • Ten quiz został rozwiązany 23 razy
  • Średni wynik to 35 z 195
Statystyki odpowiedzi
Litera Lokacja % Poprawnych
Ithan
81%
K Karka-han
75%
Andarum Ilami
63%
Thuzal
56%
Tuzmer
56%
Werbin
56%
Dolina Yss
50%
E Eder
50%
Nithal
50%
Torneg
50%
Brama Północy
44%
F Fort Eder
44%
Kwieciste Przejście
44%
Mokradła
44%
Ł Łany Zboża
38%
Mythar
38%
Wioska Pszczelarzy
38%
Złowrogie Bagna
38%
Gościniec Bardów
31%
Las Goblinów
31%
Opuszczony Bastion
31%
Orla Grań
31%
Osada Czerwonych Orków
31%
Płaskowyż Arpan
31%
Podmokła Dolina
31%
Port Tuzmer
31%
Przedmieścia Karka-han
31%
Smocze Góry
31%
Sosnowe Odludzie
31%
Stare Ruiny
31%
Tristam
31%
Uroczysko
31%
Zapomniany Las
31%
Zniszczone Opactwo
31%
B Babi Wzgórek
25%
Cmentarzysko Szerpów
25%
Dolina Chmur
25%
Dolina Gniewu
25%
Dolina Rozbójników
25%
J Jezioro Ważek
25%
Księżycowe Wzniesienie
25%
Leśny Bród
25%
Liściaste Rozstaje
25%
N Nawiedzony Jar
25%
Osada Mulusów
25%
Pajęczy Las
25%
Prastara Puszcza
25%
Przełęcz Dwóch Koron
25%
Selva Oscura
25%
Trupia Przełęcz
25%
Wichrowe Szczyty
25%
Wioska Gnolli
25%
Wioska Rybacka
25%
Wrzosowiska
25%
Zapomniany Szlak
25%
Zasłonięte Jezioro
25%
Błędny Szlak
19%
D Dolina Centaurów
19%
Góry Zrębowe
19%
Grań Gawronich Piór
19%
Gvar Hamryd
19%
Kurhany Zwyciężonych
19%
L Las Dziwów
19%
Las Tropicieli
19%
Latarniane Wybrzeże
19%
Mglisty Las
19%
Mistyczny Bór
19%
Nizina Wieśniaków
19%
O Oaza Siedmiu Wichrów
19%
Orcza Wyżyna
19%
Podgrodzie Nithal
19%
Pradawne Wzgórze Przodków
19%
Ruchome Piaski
19%
Stare Sioło
19%
Wertepy Rzezimieszków
19%
Wilczy Szpic
19%
Włości rodu Kruzo
19%
Z Zachodnia Rubież
19%
A Altepetl Mahoptekan
13%
Bagna Chojraków
13%
Bagna Umarłych
13%
Błota Sham Al
13%
Cienisty Bór
13%
Dolina Pełznącego Krzyku
13%
Dolina Pustynnych Kręgów
13%
Dolina Suchych Łez
13%
Dziewicza Knieja
13%
Dziki Zagajnik
13%
Głuchy Las
13%
Głusza Świstu
13%
Góralskie Przejście
13%
I Iglaste Ścieżki
13%
Kryjówka Dzikich Kotów
13%
Kwieciste Kresy
13%
Lazurowe Wzgórze
13%
Legowisko Wilczej Hordy
13%
Leśna Przełęcz
13%
M Matecznik Szelestu
13%
Mglista Polana Vesy
13%
Moczary Rybiego Oka
13%
Morwowe Przejście
13%
Mroczny Przesmyk
13%
Nekropolia Karka-han
13%
Plugawe Pustkowie
13%
Potępione Zamczysko
13%
Przełęcz Krwistego Posłańca
13%
Przełęcz Łotrzyków
13%
Przysiółek Valmirów
13%
Racicowy Matecznik
13%
R Radosna Polana
13%
Rozlewisko Kai
13%
Ruiny Pustynnych Burz
13%
Ruiny Tass Zhil
13%
S Sabatowe Góry
13%
Skalista Wyżyna
13%
Skały Mroźnych Śpiewów
13%
Skarpa Trzech Słów
13%
Skarpiska Tolloków
13%
Skryty Azyl
13%
Słoneczna Wyżyna
13%
Śnieżycowy Las
13%
Spokojne Przejście
13%
Stary Kupiecki Trakt
13%
Stukot Widmowych Kół
13%
Sucha Dolina
13%
Święty Zagajnik
13%
Szczerba Samobójców
13%
Upiorna Droga
13%
Urwisko Vapora
13%
Wiedźmie Kotłowisko
13%
Wilcza Skarpa
13%
Zawiły Bór
13%
Zawodzące Kaskady
13%
Zburzona Twierdza
13%
Złota Dąbrowa
13%
Złote Piaski
13%
Ź Źródło Narumi
13%
Bagnista Dolina Dusz
6%
Baszta Wilczych Kłów
6%
C Ciche Rumowiska
6%
Czarcie Oparzeliska
6%
Czeluść Ognistej Pożogi
6%
Dolina Pajęczych Korytarzy
6%
Dzikie Pagórki
6%
G Gadzia Kotlina
6%
Ghuli Mogilnik
6%
Gnijące Topielisko
6%
Grobowiec Przodków
6%
Grzęzawisko Rozpaczy
6%
Jęczywąwóz
6%
Las Pamięci Nikantosa
6%
Las Porywów Wiatru
6%
Niecka Xiuh Atl
6%
Opuszczona Twierdza
6%
Ostępy Szalbierskich Lasów
6%
Otchłań Pajęczych Sieci
6%
P Pagórki Łupieżców
6%
Piachy Zniewolonych
6%
Piaskowa Gęstwina
6%
Pogranicze Wisielców
6%
Polana Ścierwojadów
6%
Porzucone Pasieki
6%
Przepaść Aguti
6%
Pustynia Shaiharrud - wschód
6%
Pustynia Shaiharrud - zachód
6%
Regiel Zabłąkanych
6%
Rozległa Równina
6%
Ruiny Szabrowników
6%
Skalne Turnie
6%
Skały Umarłych
6%
Smocze Skalisko
6%
Ś Śnieżna Granica
6%
Szumiąca Gęstwina
6%
T Terytorium Furii
6%
Tygrysia Polana
6%
U Ukryty Kanion
6%
Ukwiecona Skarpa
6%
Uroczysko Wodnika
6%
Urwisko Zdrewniałych
6%
Ustronie Widzących Drzew
6%
W Warczące Osuwiska
6%
Wąwóz Zakorzenionych Dusz
6%
Winnica Meflakasti
6%
Wyjący Wąwóz
6%
Wzgórza Obłędu
6%
Wzgórze Płaczek
6%
Zachodnie Rozdroża
6%
Zachodnie Zbocze
6%
Zaginiona Dolina
6%
Zapadlisko Zniewolonych
6%
Zapomniana Ścieżyna
6%
Zatopiony Szczyt
6%
Zatrute Torfowiska
6%
Złudny Trakt
6%
Źródło Zakorzenionego Ludu
6%
Nie znaleziono quizów pasujących do podanych kryteriów
Rozkład punktacji
Procent ludzi z każdym wynikiem
Percentyl według liczby udzielonych odpowiedzi
Twoja historia wyników
Nie rozwiązałeś tego quizu